[Event "Pavlodar op"]
[Site "Pavlodar"]
[Date "2013.12.18"]
[Round "9"]
[White "Kaldybaev, O."]
[Black "Poldyayeva, Mariya"]
[Result "1-0"]
[WhiteElo "1732"]
[BlackElo "1473"]
[PlyCount "49"]
[EventDate "2013.12.10"]
[EventType "swiss"]
[EventRounds "10"]
[EventCountry "KAZ"]
[SourceTitle "CBM 158 Extra"]
[Source "ChessBase"]
[SourceDate "2014.02.28"]
[SourceVersion "1"]
[SourceVersionDate "2014.02.28"]
[SourceQuality "1"]

1. e4 e5 2. Nf3 Nc6 3. Bb5 a6 4. Ba4 Nf6 5. d3 h6 6. 0-0 d6 7. a3 Bg4 8. c3 b5 9. Bc2 Be7 10. Nbd2 0-0 11. Re1 Qd7 12. Nf1 Bxf3 13. Qxf3 Qg4 14. Qxg4 Nxg4 15. h3 Nf6 16. Ng3 Nd8 17. d4 Ne6 18. Be3 Ng5 19. Rad1 Rad8 20. h4 Ngh7 21. Nf5 Rfe8 22. dxe5 dxe5 23. Nxe7+ Rxe7 24. Rxd8+ Nf8 25. Bc5 1-0